000 00551cam a2200181 4500
001 WB3743-12
008 011114n2001 000 0 eng u
035 _a(Sirsi) u115598
245 _aFire stoked under agents
260 _c2001
490 _aEstates Gazette
_v(0145) 10 November 2001, 37(1)
520 _aA number of landlords have replaced letting agents who have failed to secure lettings for their properties.
590 _aWB
650 _aLETTING AGENTS
650 _aLANDLORDS
690 _aPROPERTY-COMMERCIAL PROPERTY
942 _n0
999 _c68849
_d68849